| 000 | 01310nam a22003497a 4500 | ||
|---|---|---|---|
| 003 | CHAP | ||
| 005 | 20220329143344.0 | ||
| 008 | 081202s2003 mx r 00010 spa d | ||
| 010 | _a95444 | ||
| 011 | _a96416 | ||
| 020 | _a684631103 | ||
| 035 | _a107069 | ||
| 040 | _cCHAP | ||
| 082 | 0 | 0 |
_a628.161 _bM31 |
| 245 | 0 | 0 |
_aManual para la colecta, el manejo y las observaciones de campo para bioindicadores de calidad del agua _c/compiladores por Guadalupe de la Lanza Espino y Salvador Hernández Pulido |
| 260 |
_aMéxico : _bAGT, _cc2003 |
||
| 300 |
_axviii, 223 p. : _bilus., cuadros |
||
| 590 |
_aBATCH-UPD _b10 _c20130110 _lUCH01 _h0747 |
||
| 590 |
_aBATCH-UPD _b10 _c20130410 _lUCH01 _h0428 |
||
| 590 |
_aBATCH-UPD _b10 _c20130913 _lUCH01 _h2238 |
||
| 590 |
_aCONVERSION _b10 _c20130109 _lUCH01 _h1353 |
||
| 650 | 1 | 4 |
_aAgua _xAnálisis. _92280 |
| 650 | 1 | 4 |
_aAgua _xCalidad. _92316 |
| 650 | 1 | 4 |
_aAgua _xMicrobiología. _92394 |
| 650 | 1 | 4 |
_aBioensayos. _912732 |
| 700 | 0 |
_aHernández Pulido, Salvador _e, comp. _954486 |
|
| 700 | 0 |
_aLanza Espino, Guadalupe de la _e, comp. _964796 |
|
| 901 | _aBK | ||
| 942 | _cLIBRO | ||
| 949 |
_a628.161 M31 _bBC _cLIBRO _d33724002070454 _eLIBRO _gI.c/e _h109946 _i107069 _si _t$123.50 |
||
| 949 |
_a628.161 M31 _bBC _cLIBRO _d33724002071181 _eLIBRO _fc.2 _gI.c/e _h109947 _i107069 _sb _t$123.50 |
||
| 999 |
_c95444 _d95444 |
||